=LDR 00000nam 2200000 4500 =001 001107 =005 20250713112614 =035 ##$$a 0010-0725000990 =007 ta =008 250713################a##########0#ind## =020 ##$$a 978-623-472-026-6 =082 ##$$a 398.209 598 =084 ##$$a 398.209 598 MAN c =100 #$$a Manandhar, Shantdas =245 1#$$a Chunu dan Munu Membaca /$c Shantdas Manandhar =250 ##$$a Cetakan Pertama =260 ##$$a Jakarta Timur :$b Badan Pengembangan dan Pembinaan Bahasa,$c 2022 =300 ##$$a 24 hlm : $b ilus. ; $c 22,9 cm =650 #4$$a Literasi-Bahan Bacaan =600 #4$$a Cerita anak Indonesia - Terjemahan =856 ##$$a TBM AS SUHADA =990 ##$$a TBM202400998